« Stendhal et le comique ». Textes réunis par DANIEL SANGSUE. Ellug, Université de Grenoble, 1999. Un vol. 14 × 21,5 de 312 p. (notice n° 1653859)
[ vue normale ]
| 000 -LEADER | |
|---|---|
| fixed length control field | 00602cam a2200145 4500500 |
| 005 - DATE AND TIME OF LATEST TRANSACTION | |
| control field | 20260208005815.0 |
| 041 ## - LANGUAGE CODE | |
| Language code of text/sound track or separate title | fre |
| 042 ## - AUTHENTICATION CODE | |
| Authentication code | dc |
| 100 10 - MAIN ENTRY--PERSONAL NAME | |
| Personal name | Pascal, Gabrielle |
| Relator term | author |
| 245 00 - TITLE STATEMENT | |
| Title | « Stendhal et le comique ». Textes réunis par DANIEL SANGSUE. Ellug, Université de Grenoble, 1999. Un vol. 14 × 21,5 de 312 p. |
| 260 ## - PUBLICATION, DISTRIBUTION, ETC. | |
| Date of publication, distribution, etc. | 2005.<br/> |
| 500 ## - GENERAL NOTE | |
| General note | 3 |
| 786 0# - DATA SOURCE ENTRY | |
| Note | Revue d'histoire littéraire de la France | 105 | 1 | 2005-02-01 | p. 231l-253l | 0035-2411 |
| 856 41 - ELECTRONIC LOCATION AND ACCESS | |
| Uniform Resource Identifier | <a href="https://shs.cairn.info/revue-d-histoire-litteraire-de-la-france-2005-1-page-231l?lang=fr&redirect-ssocas=7080">https://shs.cairn.info/revue-d-histoire-litteraire-de-la-france-2005-1-page-231l?lang=fr&redirect-ssocas=7080</a> |
Pas d'exemplaire disponible.




Réseaux sociaux